000
00225nam a22000977a 4500
082
_a
491
_b
CUR/S
245
_a
SHREE RAM HINDI BAL AKSHAR GEETH
260
_a
THRISSUR
_b
CURRENT BOOKS
650
_a
POEM HINDI
_z
THRISSUR
942
_c
BK
999
_c
4867
_d
4867